Plat riaditeľa školy 2019
Od 1. januára 2019 je zákon č. 553/2003 Z. z. novelizovaný zákonom č. 318/2018 Z. z. Pôsobnosť zákona č. 553/2003 Z. z. o odmeňovaní niektorých zamestnancov pri výkone práce vo verejnom záujme. Kompetencia na určenie platu. Zložky platu a funkčného platu. Určenie platu riaditeľa školy. Príplatky k p...
Salvato in:
| Autore principale: | |
|---|---|
| Natura: | Capitolo di libro |
| Lingua: | slovacco |
| Soggetti: | |
| Tags: |
Nessun Tag, puoi essere il primo ad aggiungerne!!
|
MARC
| LEADER | 00000naa a2200000 4500 | ||
|---|---|---|---|
| 001 | 0250668 | ||
| 005 | 20190204133440.0 | ||
| 041 | 0 | |a slo | |
| 044 | |a SK | ||
| 245 | 1 | 0 | |a Plat riaditeľa školy 2019 |c Jarmila Szabová |
| 520 | |a Od 1. januára 2019 je zákon č. 553/2003 Z. z. novelizovaný zákonom č. 318/2018 Z. z. Pôsobnosť zákona č. 553/2003 Z. z. o odmeňovaní niektorých zamestnancov pri výkone práce vo verejnom záujme. Kompetencia na určenie platu. Zložky platu a funkčného platu. Určenie platu riaditeľa školy. Príplatky k platu. Zložky platu riaditeľa školy, ktoré nie sú funkčným platom. Ostatné nároky riaditeľa školy. | ||
| 610 | 2 | 0 | |a školy |
| 610 | 2 | 0 | |a riaditelia |
| 610 | 2 | 0 | |a platy |
| 610 | 2 | 0 | |a legislatíva |
| 610 | 2 | 0 | |a novelizácia |
| 100 | 1 | |a Szabová, Jarmila | |